| 000 | 00448nam a2200181Ia 4500 | ||
|---|---|---|---|
| 005 | 20250423100125.0 | ||
| 008 | 250422s9999 xx 000 0 und d | ||
| 020 | _a0- 471- 32013- 7 | ||
| 050 | _aTA403.C23/ | ||
| 100 | _aWilliam D. Callister | ||
| 245 | 0 | _aMaterial science and engineering: an introduction | |
| 250 | _a5th ed. | ||
| 260 | _bJohn Wiley and Sons | ||
| 260 | _c1999 | ||
| 300 | _a871 p | ||
| 650 | _aMaterials | ||
| 942 | _cBK | ||
| 999 |
_c32354 _d32354 |
||